Rozpoznaj reprezentantów Włoch z 80+ meczami - 2026.01. - Statystyki

Ogólne statystyki
  • Ten quiz został rozwiązany 17 razy
  • Średni wynik to 8 z 14
Statystyki odpowiedzi
Obrazkowy Hint Odpowiedź % Poprawnych
126 Paolo Maldini
93%
176 Gianluigi Buffon
87%
136 Fabio Cannavaro
80%
91 Alessandro Del Piero
73%
117 Giorgio Chiellini
73%
121 Leonardo Bonucci
73%
116 Andrea Pirlo
67%
117 Daniele De Rossi
67%
112 Dino Zoff
67%
81 meczów Franco Baresi
67%
98 Gianluca Zambrotta
60%
81 Marco Tardelli
27%
94 Giacinto Facchetti
7%
81 Giuseppe Bergomi
0%
Nie znaleziono quizów pasujących do podanych kryteriów
Rozkład punktacji
Procent ludzi z każdym wynikiem
Percentyl według liczby udzielonych odpowiedzi
Twoja historia wyników
Nie rozwiązałeś tego quizu